| 000 | 00000cam 2200000zi 4500 |
| 001 | 9.960071 |
| 003 | CaOODSP |
| 005 | 20260512144243 |
| 006 | m o d f |
| 007 | cr cn |||||||| |
| 008 | 260217t20262026oncabd obs f000 0 fre d |
| 020 | |a9780660984964 |
| 040 | |aCaOODSP|bfre|erda|cCaOODSP |
| 043 | |an-cn--- |
| 086 | 1 |aA59-125/2026F-PDF |
| 100 | 1 |aLapen, D., |eauteur. |
| 245 | 10|aIndicateur des émissions de particules. |
| 264 | 1|a[Ottawa] : |bAgriculture et agroalimentaire Canada = Agriculture and Agri-Food Canada, |c[2026] |
| 264 | 4|c©2026 |
| 300 | |a1 ressource en ligne (ii, 19 pages) : |billustrations, cartes, graphiques |
| 336 | |atexte|btxt|2rdacontent/fre |
| 337 | |ainformatique|bc|2rdamedia/fre |
| 338 | |aressource en ligne|bcr|2rdacarrier/fre |
| 500 | |aPublié aussi en anglais sous le titre : Particulate matter indicator. |
| 500 | |a« Rapport sur les indicateurs agroenvironnementaux. » |
| 500 | |a« La durabilité environnementale de l'agriculture canadienne, année de recensement 2021. » |
| 500 | |a« Rapport sur les indicateurs agroenvironnementaux, année de recensement 2021 » -- Verso de la couverture. |
| 500 | |a« Statut : couverture nationale, 1981-2021 » -- Verso de la couverture. |
| 500 | |a« Auteurs : D. Lapen, S. Hamalainen, D. MacDonald, and Martin, T. » -- Verso de la couverture. |
| 500 | |a« AAFC no. 13346F » -- Verso de la couverture. |
| 504 | |aComprend des références bibliographiques (page 19). |
| 650 | 6|aMatière particulaire fine|xAspect de l'environnement|zCanada. |
| 650 | 6|aMatière particulaire fine|zCanada|vStatistiques. |
| 655 | 7|aStatistiques|2rvmgf |
| 710 | 1 |aCanada. |bAgriculture et agroalimentaire Canada, |eorganisme de publication. |
| 775 | 08|tParticulate matter indicator.|w(CaOODSP)9.960072 |
| 856 | 40|qPDF|s2.96 Mo|uhttps://publications.gc.ca/collections/collection_2026/aac-aafc/A59-125-2026-fra.pdf |
| 986 | |a13346F |